Normal view
MARC view
Entry Personal Name
001 - CONTROL NUMBER
- control field: 1237487
003 - CONTROL NUMBER IDENTIFIER
- control field: OSt
005 - DATE AND TIME OF LATEST TRANSACTION
- control field: 20260430150430.0
008 - FIXED-LENGTH DATA ELEMENTS
- fixed length control field: 260430|| aca||aabn | a|a d
040 ## - CATALOGING SOURCE
- Original cataloging agency: OSt
- Transcribing agency: OSt
100 ## - HEADING--PERSONAL NAME
- Personal name: Krati Vikram Au.; Rao K.S. Gu
670 ## - SOURCE DATA FOUND
- Source citation: Work cat.: (OSt)1849765: Krati Vikram Au.; Rao K.S. Gu., Impact of Land Use on Soil Carbon and Nitrogen Content in the Kumaon Division of Central Himalaya, India, 2022
